|
|
|
|
| LEADER |
00747cam a2200217 7i4500 |
| 001 |
0000041744 |
| 005 |
20191009090000.0 |
| 020 |
|
|
|a 9780071128261
|
| 020 |
|
|
|a 0071128263 (pbk.)
|
| 090 |
0 |
0 |
|a TA166
|b .S33 1993
|
| 100 |
1 |
|
|a Sanders, Mark S
|
| 245 |
1 |
0 |
|a Human factors in engineering and design
|c Mark S. Sanders, Ernest J. McCormick.
|
| 250 |
|
|
|a 7th ed., international ed.
|
| 260 |
|
|
|a New York:
|b McGraw-Hill,
|c 1993.
|
| 300 |
|
|
|a xiii, 790 p.:
|b ill.;
|c 25 cm.
|
| 490 |
0 |
|
|a Psychology series
|
| 650 |
0 |
0 |
|a Human engineering
|
| 700 |
1 |
|
|a McCormick, Ernest J
|
| 997 |
|
|
|a Engineering & Life Sciences, Faculty
|b Engineering, Department
|
| 998 |
|
|
|a Mechanical Engineering, Degree
|
| 999 |
|
|
|a 0000053104
|b BOK
|c OPEN SHELF
|e 2nd Floor, Bestari Jaya
|